| 000 | 00518 a2200169 4500 | ||
|---|---|---|---|
| 999 |
_c3794 _d3794 |
||
| 020 | _a9780340846305 | ||
| 050 | _aQA75.5 CIT 2003 | ||
| 110 | _aCity and guilds | ||
| 245 |
_aIt skills for e-Quals level 2: _bprotocol learning resources / _ccity and guilds |
||
| 264 |
_aLondon : _bHodder & Stoughton, _c2003. |
||
| 300 | _avi., 378 pages | ||
| 440 | _aprotocol learning resources | ||
| 500 | _aIncludes index | ||
| 650 | _aComputer science. | ||
| 650 | _aInformation technology. | ||
| 942 |
_2lcc _cBK _h75.5 _iCIT _kQA |
||